| 000 | 00648nam a2200253 a 4500 | ||
|---|---|---|---|
| 001 | 000108029 | ||
| 003 | CHAP | ||
| 005 | 20220329143954.0 | ||
| 008 | 131128s2000 cau |r| ||1|||eng d | ||
| 010 | _a104491 | ||
| 011 | _a105463 | ||
| 020 | _a1891389017 | ||
| 040 | _cCHAP | ||
| 082 | 0 | 4 |
_a546 _bW96 |
| 100 | 1 |
_aWulfsberg, Gary _9124806 |
|
| 245 | 1 | 0 |
_aInorganic chemistry / _cpor Gary wulfsberg. |
| 260 |
_aSausalito, Cal. : _bUniversity Science Books, _c2000. |
||
| 300 | _axix, 978 p. | ||
| 590 |
_aE5765TAJ _b05 _c20131128 _lUCH01 _h1409 |
||
| 650 | 1 | 4 |
_aQuĂmica inorgánica. _993593 |
| 901 | _aBK | ||
| 942 | _cLIBRO | ||
| 942 | _n0 | ||
| 999 |
_c104491 _d104491 |
||